Alrededor (Record no. 177575)

MARC details
000 -LEADER
campo de control de longitud fija 00686nam a22002055i 4500
001 - NÚMERO DE CONTROL
campo de control 177575
003 - IDENTIFICADOR DE NÚMERO DE CONTROL
campo de control ES-MaACL
005 - FECHA Y HORA DE LA ÚLTIMA TRANSACCIÓN
campo de control 20230906220351.0
008 - DATOS DE LONGITUD FIJA--INFORMACIÓN GENERAL
campo de control de longitud fija 110404s2005 sp o |||| | spa d
020 ## - NÚMERO INTERNACIONAL ESTÁNDAR DEL LIBRO
Número Internacional Estándar del Libro 84-87319-02-5
080 ## - NÚMERO DE LA CLASIFICACIÓN DECIMAL UNIVERSAL
Número de la Clasificación Decimal Universal 821.134.2-14"19"
100 1# - ENTRADA PRINCIPAL--NOMBRE DE PERSONA
Nombre de persona Chacón, José (
Fechas asociadas al nombre 1910-1988)
9 (RLIN) 145952
245 10 - MENCIÓN DEL TÍTULO
Título Alrededor
Resto del título : de mí mismo, de mi pueblo, de La Mancha /
Mención de responsabilidad, etc. José Chacón García.
260 ## - PUBLICACIÓN, DISTRIBUCIÓN, ETC.
Lugar de publicación, distribución, etc. Cuenca :
Nombre del editor, distribuidor, etc. Diputación Provincial de Cuenca,
Fecha de publicación, distribución, etc. D. L. 2005.
300 ## - DESCRIPCIÓN FÍSICA
Extensión 110 p. :
Otras características físicas 1 fot. del autor ;
Dimensiones 20 cm.
490 1# - MENCIÓN DE SERIE
Mención de serie Ediciones provinciales ;
Designación de volumen o secuencia 31
830 0# - PUNTO DE ACCESO ADICIONAL DE SERIE-TÍTULO UNIFORME
Título uniforme Ediciones provinciales ;
Designación de volumen o secuencia 31
9 (RLIN) 224197
852 ## - LOCALIZACIÓN
Ubicación ES-MaACL
Número de control de estantería E-14783
Holdings
Estatus retirado Estado de pérdida Estado de daño No para préstamo Biblioteca de origen Biblioteca actual Ubicación en estantería Fecha de adquisición Fuente de adquisición Total de préstamos Signatura topográfica completa Código de barras Visto por última vez Precio de reemplazo Tipo de ítem Koha
        Biblioteca del Ateneo de Madrid Biblioteca del Ateneo de Madrid Depósito 2 04/04/2011     E-14783 1186520 23/02/2023 23/02/2023 Libro impreso